[Event "ROM-ch U10"]
[Site "Baile Felix"]
[Date "2017.02.05"]
[Round "5"]
[White "Chiu, Vlad Stefan"]
[Black "Hejja, Adam Peter"]
[Result "0-1"]
[WhiteElo "1370"]
[BlackElo "1233"]
[PlyCount "60"]
[EventDate "2017.02.02"]
[EventType "swiss"]
[EventRounds "9"]
[EventCountry "ROU"]
[SourceTitle "CBM 176 Extra"]
[Source "ChessBase"]
[SourceDate "2017.03.02"]
[SourceVersion "1"]
[SourceVersionDate "2017.03.02"]
[SourceQuality "1"]

1. e4 e5 2. Nf3 Nc6 3. Bb5 d6 4. d4 Bd7 5. dxe5 dxe5 6. 0-0 Nf6 7. Bxc6 Bxc6 8. Qxd8+ Rxd8 9. Nxe5 Bxe4 10. Re1 Be7 11. c3 0-0 12. f3 Bd5 13. Kf1 Bd6 14. Bg5 Be7 15. Ng4 Bc4+ 16. Kg1 Bc5+ 17. Kh1 Nxg4 18. h3 Nf2+ 19. Kh2 f6 20. Bf4 c6 21. Nd2 Bf7 22. b4 Bb6 23. Re7 g5 24. c4 gxf4 25. Rxb7 Rxd2 26. c5 Bd8 27. a4 f5 28. b5 cxb5 29. axb5 Bh4 30. Raxa7 Bg3+ 0-1

[Event "ROM-ch U10"]
[Site "Baile Felix"]
[Date "2017.02.05"]
[Round "4"]
[White "Lup, Constantin Ionel"]
[Black "Chiu, Vlad Stefan"]
[Result "1-0"]
[WhiteElo "1210"]
[BlackElo "1370"]
[PlyCount "91"]
[EventDate "2017.02.02"]
[EventType "swiss"]
[EventRounds "9"]
[EventCountry "ROU"]
[SourceTitle "CBM 176 Extra"]
[Source "ChessBase"]
[SourceDate "2017.03.02"]
[SourceVersion "1"]
[SourceVersionDate "2017.03.02"]
[SourceQuality "1"]

1. c4 e5 2. g3 Nc6 3. Bg2 Nge7 4. Nc3 d6 5. e3 Be6 6. d3 g6 7. Nge2 Bg7 8. 0-0 0-0 9. h3 Qd7 10. Kh2 f5 11. f4 e4 12. b3 d5 13. dxe4 dxe4 14. Qxd7 Bxd7 15. Bb2 h6 16. Rab1 Kh7 17. Rfd1 Be6 18. Nb5 Rac8 19. Bxg7 Kxg7 20. Ned4 Bf7 21. Nxc6 Nxc6 22. Rd7 a6 23. Nxc7 Nb8 24. Ne6+ Kg8 25. Nxf8 Nxd7 26. Nxd7 Rd8 27. Rd1 Kg7 28. Rd4 Be8 29. Nc5 Rxd4 30. Ne6+ Kf6 31. Nxd4 Ke7 32. Bf1 Kd6 33. b4 Bf7 34. c5+ Kc7 35. a3 Be8 36. Kg2 h5 37. Kf2 Bd7 38. Bc4 Be8 39. Ke2 b5 40. cxb6+ Kxb6 41. Kd2 Kb7 42. Kc3 Kb6 43. Ne6 Kb7 44. Kd4 Kb6 45. Ke5 a5 46. bxa5+ 1-0

[Event "ROM-ch U08"]
[Site "Calimanesti Caciulata"]
[Date "2016.04.19"]
[Round "2"]
[White "Males, Nicholas"]
[Black "Chiu, Vlad Stefan"]
[Result "1-0"]
[WhiteElo "1134"]
[BlackElo "1076"]
[PlyCount "111"]
[EventDate "2016.04.18"]
[EventType "swiss"]
[EventRounds "9"]
[EventCountry "ROU"]
[SourceTitle "CBM 172 Extra"]
[Source "ChessBase"]
[SourceDate "2016.06.21"]
[SourceVersion "1"]
[SourceVersionDate "2016.06.21"]
[SourceQuality "1"]

1. d4 Nf6 2. c4 Nc6 3. Nf3 d5 4. Nc3 dxc4 5. Bg5 Be6 6. Bxf6 exf6 7. d5 Bd7 8. dxc6 bxc6 9. e3 Rb8 10. Qd2 Bf5 11. Qxd8+ Rxd8 12. Rd1 Rb8 13. Rd2 Bb4 14. Bxc4 Bxc3 15. bxc3 Rb1+ 16. Rd1 Rb2 17. h3 Bc2 18. Rc1 0-0 19. 0-0 Rd8 20. Nd4 Ba4 21. Rb1 Rxb1 22. Rxb1 c5 23. Nb5 Bc2 24. Rc1 Rd2 25. Nxc7 Be4 26. Nb5 a6 27. Nc7 a5 28. Na6 a4 29. Nxc5 a3 30. Nxe4 Rd7 31. Bb3 Re7 32. Nc5 Re5 33. Na4 g6 34. c4 Kf8 35. c5 Ke8 36. c6 Re7 37. Nb6 Rc7 38. Nd5 Rxc6 39. Rxc6 Kd7 40. Rxf6 Ke8 41. Ba4+ Kf8 42. g4 Kg7 43. g5 Kg8 44. Be8 Kf8 45. Bxf7 Kg7 46. Bxg6 hxg6 47. Ra6 Kf7 48. Kg2 Kg7 49. Ra7+ Kg8 50. Kf3 Kh8 51. Ke4 Kg8 52. Ke5 Kf8 53. Ke6 Kg8 54. Kf6 Kh8 55. Kxg6 Kg8 56. Ra8# 1-0